000 00284nam a22001217a 4500
008 170330b xxu||||| |||| 00| 0 eng d
041 _aeng
080 _a616-053.2
100 _a8
101 _aSHM
245 _aRECOGNIZABLE PATTERNS OF HUMAN DELFORMATION
_cSMITH.A
942 _2udc
_cBK
999 _c9141
_d9141